| 000 | 00752nac a22001451u 4500 | ||
|---|---|---|---|
| 008 | 080930s2002 xxu||||| |||| 00| 0 ara d | ||
| 082 |
_a301.21 _222 _bح و ا |
||
| 245 |
_aالكتاب الأبيض حول الحوار بين الحضارات : _bبمناسبة إعلان سنة 2001 " سنة الأمم المتحدة للحوار بين الحضارات / _cالمنظمة الإسلامية للتربية والعلوم والثقافة |
||
| 250 |
_aط 2، _bمزيدة |
||
| 260 |
_aالمغرب : _bالمنظمة الإسلامية للتربية والعلوم والثقافة ،2002 _c2002. |
||
| 300 |
_a155 ص ؛ _c24 سم. |
||
| 511 | _aCatalogued by: Sara | ||
| 650 |
_aالصراع الثقافى _98287 |
||
| 942 |
_cBB _k301.21 ح و ا _2ddc |
||
| 999 |
_c6225 _d6225 |
||